000
00314nam a2200121Ia 4500
008
250110s9999 xx 000 0 und d
041
_a
eng
100
_a
Deshpande A.
_9
107363
245
_a
Energy Park
260
_b
Final Year B. Arch, BNCA
_c
2005
300
_a
142p
700
_a
Guide Name:Gokhale Vasudha
_9
209538
999
_c
362725
_d
362725